000 00388nam a22001697a 4500
003 OSt
005 20220124160252.0
008 220124b |||||||| |||| 00| 0 eng d
020 _a0304935794
040 _cHU
082 _a621
100 _aPage M. G.
_928473
245 _aMathematics For Mechanical Techicians
260 _aLondon
_bLondon
300 _f346
942 _2ddc
_cBOOKS
_n0
999 _c27671
_d27671